LEADER 01219nam a2200277 i 4500 001 000000110126 003 CaOOAMICUS 005 20021121000000.0 008 021121s1978 it u000 u ita u 013 $a82807 040 $aSeMil$bita 100 1 $aMorosini Montevecchi, L.$0(OLS)http://semarc/name/46200 245 10$aBreve storia degli Istituti secolari /$cL. Morosini Montevecchi ; S. Sernagiotto di Casavecchia. 260 $aMilano :$bO.R.,$c1978. 300 $a61 p. ;$c20 cm. 490 0 $aGli Istituti Secolari nella Chiesa contemporanea ;$v1 500 $aContiene : Bibliografia essenziale. - Fondo Card. C.M. Martini. 650 4$aIstituti secolari - Storia.$0(OLS)http://semarc/subject/19579 700 1 $aSernagiotto di Casavecchia, S.$0(OLS)http://semarc/name/46201 830 4$aGli Istituti Secolari nella Chiesa contemporanea ;$v1.$0(OLS)http://semarc/title/10576 850 $aSeMil 852 $aSeMil$W1$xVenegono$y1$m3E II 40$j66042$B66042$CSeMilBibl$Z2$F101074 $81 941 1 $a4 961 $aOmaggio: Martini Card. Carlo Maria 996 $6245$aBreve storia degli Istituti secolari$9(OLS)http://semarc/title/160041 996 $6260$aMilano :$bO.R.$9(OLS)http://semarc/publisher/29789 LEADER 00497nab a2200145 i 4500 001 000000292010 003 CaOOAMICUS 005 20180831165516.0 008 180831n xx uu u0 0und r 013 $a47676 040 $aSeMil$bita 245 10$a[vedi periodico]. 500 $a2017/3. 773 0 $tSfide bioetiche in Neurogenomica da una prospettiva interreligiosa e multiculturale.$dRoma : Ateneo Pontificio Regina Apostolorum, 2017.$w()257344 996 $6245$a[vedi periodico]$9(OLS)http://semarc/title/309439